<?xml version="1.0" encoding="UTF-8"?>
<record
    xmlns:xsi="http://www.w3.org/2001/XMLSchema-instance"
    xsi:schemaLocation="http://www.loc.gov/MARC21/slim http://www.loc.gov/standards/marcxml/schema/MARC21slim.xsd"
    xmlns="http://www.loc.gov/MARC21/slim">

  <leader>00695na  a2200229   4500</leader>
  <controlfield tag="001">21789</controlfield>
  <controlfield tag="003">MIRAKIL</controlfield>
  <controlfield tag="005">20181213155121.0</controlfield>
  <controlfield tag="008">170207b        tu            000 0      </controlfield>
  <datafield tag="040" ind1=" " ind2=" ">
    <subfield code="a">Milas</subfield>
    <subfield code="b">tur</subfield>
    <subfield code="c">TR-AnCHP</subfield>
  </datafield>
  <datafield tag="041" ind1=" " ind2=" ">
    <subfield code="a">tur</subfield>
  </datafield>
  <datafield tag="082" ind1=" " ind2=" ">
    <subfield code="a">923.1561 Demirel,S.</subfield>
    <subfield code="b">E63l 1977</subfield>
  </datafield>
  <datafield tag="090" ind1=" " ind2=" ">
    <subfield code="a">923.1561 Demirel,S. E63l 1977</subfield>
  </datafield>
  <datafield tag="100" ind1=" " ind2=" ">
    <subfield code="a">Erer, Tekin</subfield>
  </datafield>
  <datafield tag="245" ind1=" " ind2=" ">
    <subfield code="a">Lider Demirel</subfield>
    <subfield code="c">Tekin Erer</subfield>
  </datafield>
  <datafield tag="260" ind1=" " ind2=" ">
    <subfield code="a">[Ankara]</subfield>
    <subfield code="b">[yayl.y.]</subfield>
    <subfield code="c">1977</subfield>
    <subfield code="f">Ceylan Matbaas&#x131;</subfield>
  </datafield>
  <datafield tag="300" ind1=" " ind2=" ">
    <subfield code="a">240 s.</subfield>
    <subfield code="b">res.</subfield>
    <subfield code="c">20 sm.</subfield>
  </datafield>
  <datafield tag="600" ind1=" " ind2=" ">
    <subfield code="a">Demirel, S&#xFC;leyman</subfield>
    <subfield code="d">1924-2015</subfield>
    <subfield code="x">Siyasal ve sosyal g&#xF6;r&#xFC;&#x15F;ler</subfield>
  </datafield>
  <datafield tag="600" ind1=" " ind2=" ">
    <subfield code="a">Demirel, S&#xFC;leyman</subfield>
    <subfield code="d">1924-2015</subfield>
    <subfield code="x">Ya&#x15F;am&#xF6;yk&#xFC;s&#xFC;</subfield>
  </datafield>
  <datafield tag="650" ind1=" " ind2=" ">
    <subfield code="a">Siyasal tarih</subfield>
    <subfield code="x">Liderler</subfield>
  </datafield>
  <datafield tag="942" ind1=" " ind2=" ">
    <subfield code="2">ddc</subfield>
    <subfield code="c">BKS</subfield>
  </datafield>
  <datafield tag="952" ind1=" " ind2=" ">
    <subfield code="a">0001</subfield>
    <subfield code="b">0001</subfield>
    <subfield code="d">2017-02-07</subfield>
    <subfield code="e">2</subfield>
    <subfield code="l">0</subfield>
    <subfield code="o">923.1561 Demirel,S. E63l 1977</subfield>
    <subfield code="p">012902</subfield>
    <subfield code="r">2017-02-07 00:00:00</subfield>
    <subfield code="v">0.00</subfield>
    <subfield code="w">2017-02-07</subfield>
    <subfield code="y">BKS</subfield>
  </datafield>
  <datafield tag="999" ind1=" " ind2=" ">
    <subfield code="c">6839</subfield>
    <subfield code="d">6839</subfield>
  </datafield>
</record>
